000 00427nam a2200181Ia 4500
005 20240823043803.0
008 240823s9999||||xx |||||||||||||| ||und||
041 _aENGLISH
082 _A621.4021 P3
100 _aMurugesan S N
245 0 _aEngineering Thermodynamics
250 _a2nd
260 _c2003
_bRBA Publica
500 _aTRANSFERED
650 _aThermodynamics
_bMechanical
942 _cBK
999 _c211034
_d211034